1047 1901 1987 1958 1031 1705 1034 1987 1394 1682 1098 1990 1115 1424 1024 1236 1919 1543 1146 1938 1088 1641 1093 1595 1408 1906 1828 1964 1415 1850 1754 1512 1223 1577 1556 1548 1157 1768 1816 1738 1639 1731 1539 1410 1082 1394 1346 1509 1962 1939 1601 1162 1674 1008 1291 1713 1389 1396 1137 1883 1066 1055 1182 1982 1651 1662 1405 1009 1754 1568 1763 1976 1725 1080 1178 1082 1239 1657 1703 1566 1558 1606 1051 1042 1632 1851 1893 1548 1197 1480 1592 1621 1701 1253 1917 1757 1046 1438 1978 BCNSPRNW ULIB Ver.6.0+V

เปลี่ยนเป็นภาษาไทย

Change to English
 แสดงรายละเอียดบรรณานุกรม
  กลับหน้าหลัก

Brief Record : Get Marc (ISO 2709) : E-mail record : QR code < ปิดหน้าต่าง
LEADER : 00000nam 2200000uu 4500
001    13399113395
003     ULIB
008    111110s2550||||th 000 0 tha d
020    9789741108961(ล.1)
060  4 QZ4^bพ218 ล.1 2550
110 1  มหาวิทยาลัยมหิดล^bคณะแพทย์ศาสตร์โรงพยาบาลรามาธิบดี^bภาควิชาพยาธิวิทยา
245 00 พยาธิวิทยากายวิภาค เล่ม1=^bAnatomical pathology/^cธำรง จิรจริยาเวช,บรรณาธิการ
246 0  Anatomical pathology
250    พิมพ์ครั้งที่ 1
260    กรุงเทพฯ:^bเดือนตุลา,^c2550
300    594 หน้า:^bภาพประกอบสี
650  7 พยาธิวิทยา
650  7 กายวิภาค
650  7 พยาธิวิทยากายวิภาค
700 0  ธำรง จิรจริยาเวช,^eบรรณาธิการ
945    ^p1000^l0^i15647
945    ^p1000^l0^i15648
995    กัณชพร
999    ^aใช้งานได้ทุกระบบ
รายการนี้ยังไม่มีแท็ก
คุณยังไม่ได้ล็อกอิน คุณสามารถมีกิจกรรมร่วมกับเว็บไซต์ได้ แต่ต้องล็อกอินก่อน ::
  ล็อกอิน

รายการสื่อสารสนเทศ

ลำดับที่ ประเภท เลขเรียก/บาร์โค้ด สถานที่ สถานะ
- ไม่พบข้อมูล -

รายการใกล้เคียง
    หัวเรื่อง [พยาธิวิทยา]
    หัวเรื่อง [กายวิภาค]

BibComment


ยังไม่เคยถูกคอมเมนท์

คอมเมนท์ทรัพยากรรายการนี้
  คอมเมนท์: พยาธิวิทยากายวิภา..


 Copyright 2026. Bcnsprnw @Library